| 000 | 00841nam a2200205Ia 4500 | ||
|---|---|---|---|
| 003 | GCL | ||
| 008 | 140319s9999 xx 000 0 ara d | ||
| 040 |
_aGCL / _cGCL |
||
| 082 | 0 | 4 |
_aق _b338.962 _bا س |
| 100 | 1 | _aابراهيم العيسوى | |
| 245 | 1 | 0 |
_aالسيناريوهات : _bبحث فى مفهوم السيناريوهات وطرق بنائها فى مشروع مصر 2020 / _cابراهيم العيسوى |
| 260 |
_aالقاهرة : _bمنتدى العالم الثالث. مكتب الشرق الاوسط ، _c1998 |
||
| 300 |
_a54 ص ؛ _c29 سم |
||
| 490 |
_aاوراق مصر 2020 _v1 |
||
| 650 | 0 | 4 | _aالاقتصاد |
| 650 | 0 | 4 | _aمصر - الاحوال الاقتصادية |
| 650 | 0 | 4 | _aمصر - التنمية الاقتصادية |
| 650 | 0 | 4 | _aمصر - التخطيط الاقتصادى |
| 942 |
_2ddc _cBK |
||
| 999 |
_c52257 _d52257 |
||